000 00332 a2200169 4500
001 186594
020 _a85-08-06170-4
040 _cMagnum
100 _aUngere, Tomi
240 1 0 _aO chapéu
_lpor
245 1 0 _aO chapéu
300 _a30
362 0 _a1996
440 1 _aÁtica
697 _aLITERATURA INFANTO
942 _cBK
999 _c186594
_d186594